Household Waste Recycling Act 2003 (Record no. 74543)
[ view plain ]
| 000 -LEADER | |
|---|---|
| fixed length control field | 01291cab a2200205 4500 |
| 001 - CONTROL NUMBER | |
| control field | ABS68292 |
| 008 - FIXED-LENGTH DATA ELEMENTS--GENERAL INFORMATION | |
| fixed length control field | 040923n2004 000 0 eng u |
| 035 ## - SYSTEM CONTROL NUMBER | |
| System control number | (Sirsi) u127501 |
| 100 ## - MAIN ENTRY--PERSONAL NAME | |
| Personal name | Parpworth, N. |
| 245 ## - TITLE STATEMENT | |
| Title | Household Waste Recycling Act 2003 |
| 260 ## - PUBLICATION, DISTRIBUTION, ETC. | |
| Date of publication, distribution, etc. | 2004 |
| 490 ## - SERIES STATEMENT | |
| Series statement | Journal of Planning and Environment Law |
| Volume/sequential designation | September 2004, 1180-1196(16) |
| 520 ## - SUMMARY, ETC. | |
| Summary, etc. | Provides an overview of the Household Waste Recycling Act 2003 which received Royal Assent on 30 October 2003. Explains the background to the Act which came into force on 30 December 2003 and traces its progress as a Bill through the Houses of Parliament. Section 1 inserts a new s45A into the Environmental Protection Act 1990 regarding separate collections of recyclable waste. Section 2 inserts a new s45B into the 1990 Act allowing the Welsh Assembly to apply s45A in Wales if desired. Section 3 inserts a new s47A into the 1990 Act imposing a duty on the SoS to lay before each House of Parliament a report measuring how each English waste authority is meeting its recycling and composting requirements. |
| 590 ## - LOCAL NOTE (RLIN) | |
| Local note | ABS |
| 650 ## - SUBJECT ADDED ENTRY--TOPICAL TERM | |
| Topical term or geographic name entry element | HOUSEHOLD WASTE |
| 650 ## - SUBJECT ADDED ENTRY--TOPICAL TERM | |
| Topical term or geographic name entry element | HOUSEHOLD WASTE RECYCLING ACT 2003 |
| 650 ## - SUBJECT ADDED ENTRY--TOPICAL TERM | |
| Topical term or geographic name entry element | RECYCLING |
| 690 ## - LOCAL SUBJECT ADDED ENTRY--TOPICAL TERM (OCLC, RLIN) | |
| Topical term or geographic name as entry element | ENVIRONMENTAL AND LAND CONSULTANCY-WASTE MANAGEMENT |
| 942 ## - ADDED ENTRY ELEMENTS (KOHA) | |
| Suppress in OPAC | 0 |
| Withdrawn status | Lost status | Source of classification or shelving scheme | Damaged status | Not for loan | Home library | Current library | Shelving location | Date acquired | Total Checkouts | Full call number | Barcode | Date last seen | Copy number | Price effective from | Koha item type |
|---|---|---|---|---|---|---|---|---|---|---|---|---|---|---|---|
| Dewey Decimal Classification | London | London | Journal article | 23/09/2004 | ABS68292 | 127501-1001 | 06/08/2019 | 1 | 06/08/2019 | Journal article |